Progresívne metódy hasenia na princípe zníženia obsahu kyslíka v uzavretom priestore

Salvato in:
Dettagli Bibliografici
Autore principale: Štefánik, Martin (Autore)
Altri autori: Balog, Karol (Relatore della tesi)
Natura: Manoscritto Libro
Lingua:slovacco
Pubblicazione: 2018
Soggetti:
Accesso online:http://is.stuba.sk/zp/portal_zp.pl?podrobnosti=138884
Tags: Aggiungi Tag
Nessun Tag, puoi essere il primo ad aggiungerne!!

MARC

LEADER 00000ntm a22000003a 4500
001 stuzp70146
003 SK-STU
005 20180820161923.0
007 ta
008 150427s2015----xo-----f-mn---000-0-slo-d
040 |a STU  |b slo 
041 0 |a slo 
100 1 |a Štefánik, Martin  |u 065000  |4 aut  |U MTF Materiálovotechnologická fakulta  |T MTF Ústav integrovanej bezpečnosti  |X 71693  |U M5000  |Y 85  |7 71693 
242 0 1 |a Progressive methods of extinguishing on the principle of reducing the oxygen content in an enclosed space  |y eng 
245 1 0 |a Progresívne metódy hasenia na princípe zníženia obsahu kyslíka v uzavretom priestore 
260 |c 2018 
650 4 |a horlavosť  |2 slo 
650 4 |a zápalnosť  |2 slo 
650 4 |a limitná koncentrácia kyslíka  |2 slo 
650 4 |a hypoxia  |2 slo 
650 4 |a flammability  |2 eng 
650 4 |a ignition of materials  |2 eng 
650 4 |a oxygen concentration limit  |2 eng 
650 4 |a hypoxia  |2 eng 
700 1 |a Balog, Karol  |u 065000  |k Z1  |4 ths  |U MTF Materiálovotechnologická fakulta  |T MTF Ústav integrovanej bezpečnosti  |X 243  |U M5000  |Y 85  |7 A000000243 
856 4 |u http://is.stuba.sk/zp/portal_zp.pl?podrobnosti=138884 
996 |c M* DP-13820  |l MMSKP  |s P  |a 0  |w stuzp70146_0001